000 00680nam a2200181Ia 4500
008 090124s9999 xx 000 0 und d
082 _b6379
100 _aमनमोहन लोककवी
245 _a संध्याकाऴ (शेवटचे बाजीराव)
250 _a0
260 _bसुरस गं्रथमाला
_c1974
300 _a260
600 _aमनमोहन लोककवी
630 _a संध्याकाऴ (शेवटचे बाजीराव)
700 _aमनमोहन लोककवी
730 _a संध्याकाऴ (शेवटचे बाजीराव)
942 _cBOOK
999 _c85256
_d85256